00851nam a2200241Ia 450000500170000000800570001702000180007404100080009208200170010010000180011724500810013525000220021626400400023830000660027833600270034433700330037133800280040465000470043265000430047970000330052270000190055504000350057420220317001429.000003022014 ck ao g spa spa a9789588296555 aspa04a248.4 bD65f1 aDonin, Sandra10aFranciscobel Papa de la pazcSandra Donin, Débora Wilson, Gustavo Damiani aPrimera edición aBogotábCangrejobGato Azulc2014 a[28] páginasbilustraciones, fotografías a colorc30 cm.  atextobtxt2rdacontent asin mediaciónbn2rdamedia avolumenbnc2rdacarrier142LEMBaDerechos humanosvLiteratura juvenil142LEMBaCristianismovLiteratura juvenil1 aDamiani, Gustavoeilustrador1 aWilson, Debora aCO-BoRNBPbspaerdacCO-BoRNBP